[Event "20th Reykjavik op"]
[Site "Reykjavik ISL"]
[Date "2002.03.12"]
[Round "6"]
[White "Halldorsson, Bragi"]
[Black "Thorsteinsson, Erlingur"]
[Result "1-0"]
[WhiteElo "2236"]
[BlackElo "2142"]
[EventDate "2002.03.07"]
[PlyCount "81"]

1.c4 e5 2.g3 Nf6 3.Bg2 Be7 4.Nc3 c6 5.e4 O-O 6.Nge2 d6 7.d4 Be6 8.b3 Qc8 
9.h3 Ne8 10.g4 g6 11.Bh6 Ng7 12.Qd2 a5 13.O-O f5 14.gxf5 gxf5 15.dxe5 dxe5
16.exf5 Bxf5 17.Qe3 Nd7 18.Ng3 Qe8 19.Nce4 Qg6 20.Rad1 Be6 21.Kh2 Rf7 22.
Nd6 Bxd6 23.Rxd6 Ne8 24.Be4 Nxd6 25.Bxg6 hxg6 26.f4 Nf5 27.Nxf5 Rxf5 28.
Rg1 Kf7 29.Rg5 Rh8 30.fxe5 Rxg5 31.Qxg5 Bf5 32.Qe3 Ke6 33.h4 Ra8 34.Bf4 a4
35.b4 a3 36.Qd4 Kf7 37.Kg3 Be6 38.Bg5 c5 39.Qd6 Ra6 40.Qe7+ Kg8 41.Bh6 1-0

[Event "20th Reykjavik op"]
[Site "Reykjavik ISL"]
[Date "2002.03.12"]
[Round "6"]
[White "Ivanov, Mikhail M."]
[Black "Thorsteinsson, Thorsteinn"]
[Result "1-0"]
[WhiteElo "2446"]
[BlackElo "2332"]
[EventDate "2002.03.07"]
[PlyCount "87"]

1.d4 e6 2.g3 f5 3.Bg2 d5 4.c4 Nf6 5.Nh3 Be7 6.Nd2 O-O 7.O-O Nc6 8.cxd5 
exd5 9.Nf3 Ne4 10.Nf4 Bf6 11.h4 Kh8 12.b3 Qd6 13.Bb2 Be6 14.Rc1 Rae8 15.e3
Bf7 16.Rc2 Rg8 17.Qc1 Rc8 18.Ba3 Qd7 19.Qb2 Qe8 20.Re1 Nd8 21.Bh3 g6 22.
Qc1 c6 23.Ree2 Rc7 24.Qe1 h6 25.Nd3 Be6 26.Nfe5 g5 27.hxg5 hxg5 28.f3 Bxe5
29.Nxe5 Nf6 30.Rh2 Rh7 31.Bf1 Rg7 32.Rxh7+ Rxh7 33.Rh2 Rxh2 34.Kxh2 g4 35.
Be7 Nd7 36.fxg4 fxg4 37.Qf2 Kg7 38.Bh4 Nxe5 39.Qf6+ Kg8 40.dxe5 Nf7 41.Bd3
Qc8 42.Qg6+ Kf8 43.Bf6 Ke8 44.Bf5 1-0

[Event "20th Reykjavik op"]
[Site "Reykjavik ISL"]
[Date "2002.03.12"]
[Round "6"]
[White "Jiretorn, Eva"]
[Black "Kjartansson, David"]
[Result "0-1"]
[WhiteElo "2112"]
[BlackElo "2235"]
[EventDate "2002.03.07"]
[PlyCount "106"]

1.d4 Nf6 2.c4 e6 3.Nf3 b6 4.g3 Ba6 5.b3 d5 6.cxd5 exd5 7.Bg2 Bd6 8.O-O c6 
9.Ba3 Bxa3 10.Nxa3 O-O 11.Re1 Qd6 12.Nc2 Nbd7 13.Nd2 Rfe8 14.e4 dxe4 15.
Nxe4 Nxe4 16.Rxe4 Rxe4 17.Bxe4 Rd8 18.Ne3 Nf6 19.Bf3 Qe6 20.Qc2 Bb7 21.Rd1
g6 22.b4 Rc8 23.a3 Nd5 24.Qd3 Re8 25.Re1 Qf6 26.Bg2 Re7 27.Re2 Nxe3 28.
fxe3 Qd6 29.Qc3 Qd7 30.Rc2 Qg4 31.Rc1 Qg5 32.Re1 Re6 33.a4 Qe7 34.Bh3 Rd6 
35.e4 c5 36.bxc5 Rc6 37.Qd2 bxc5 38.d5 Rd6 39.Qa5 Ra6 40.Qb5 Rb6 41.Qd3 
Qe5 42.Rd1 Ba6 43.Qc2 Rb2 44.Qxc5 Qh5 45.Qd4 Ra2 46.Rd2 Qxh3 47.Rf2 Rxf2 
48.Qxf2 Qg4 49.Qf4 Qxf4 50.gxf4 Bd3 51.d6 Kf8 52.e5 a5 53.Kf2 Ke8 0-1

[Event "20th Reykjavik op"]
[Site "Reykjavik ISL"]
[Date "2002.03.12"]
[Round "6"]
[White "Johansson, Viktoria"]
[Black "Hagesaether, Ellen"]
[Result "1/2-1/2"]
[WhiteElo "2199"]
[BlackElo "2102"]
[EventDate "2002.03.07"]
[PlyCount "92"]

1.d4 g6 2.c4 Bg7 3.Nc3 d6 4.e4 Nf6 5.Nf3 O-O 6.Be2 e5 7.O-O Nc6 8.d5 Ne7 
9.Nd2 Nd7 10.b4 f5 11.a4 Nf6 12.f3 f4 13.c5 g5 14.Ba3 Ng6 15.Nc4 Rf7 16.b5
Bf8 17.b6 axb6 18.cxb6 cxb6 19.Rb1 g4 20.fxg4 b5 21.Rxb5 Rc7 22.Rb4 Bd7 
23.h3 b5 24.Nxb5 Bxb5 25.Rxb5 Nxe4 26.Bb4 Ng3 27.Re1 f3 28.Bd3 e4 29.Bxe4 
Rxc4 30.Bxg6 Ne2+ 31.Kh2 Rd4 32.Bd3 Bg7 33.Rxe2 fxe2 34.Qxe2 Be5+ 35.g3 
Qf6 36.Bf5 h5 37.Be6+ Kh8 38.Bf5 h4 39.Kg2 hxg3 40.Bc3 Rdxa4 41.Bxe5 dxe5 
42.Qe3 Ra3 43.Rb3 Rxb3 44.Qxb3 Qg5 45.Kxg3 Qf4+ 46.Kh4 Qh6+ 1/2-1/2

[Event "20th Reykjavik op"]
[Site "Reykjavik ISL"]
[Date "2002.03.12"]
[Round "6"]
[White "Jonasson, Benedikt"]
[Black "Miezis, Normunds"]
[Result "0-1"]
[WhiteElo "2267"]
[BlackElo "2498"]
[EventDate "2002.03.07"]
[PlyCount "62"]

1.e4 c5 2.Nf3 e6 3.d4 cxd4 4.Nxd4 a6 5.Nc3 Qc7 6.g3 Bb4 7.Ne2 Nf6 8.Bg2 
Nc6 9.O-O Bc5 10.Bf4 Ne5 11.h3 d6 12.g4 Bd7 13.Ng3 h6 14.Qe2 O-O-O 15.a4 
Rdg8 16.Kh1 g5 17.Be3 h5 18.gxh5 g4 19.Bf4 Nxh5 20.Nxh5 Rxh5 21.Bxe5 dxe5 
22.Rfd1 Rhg5 23.Rd3 gxh3 24.Bxh3 Bc6 25.Nd5 Bxd5 26.exd5 Kb8 27.b4 e4 28.
d6 Qc6 29.Rg3 e3+ 30.Bg2 Rh8+ 31.Kg1 exf2+ 0-1

[Event "20th Reykjavik op"]
[Site "Reykjavik ISL"]
[Date "2002.03.12"]
[Round "6"]
[White "Kiss, Pal"]
[Black "Rowson, Jonathan"]
[Result "0-1"]
[WhiteElo "2390"]
[BlackElo "2512"]
[EventDate "2002.03.07"]
[PlyCount "94"]

1.d4 Nf6 2.c4 g6 3.Nc3 d5 4.Bf4 Bg7 5.e3 c5 6.dxc5 Qa5 7.Qa4+ Qxa4 8.Nxa4 
Bd7 9.Nc3 Ne4 10.Nxd5 Na6 11.f3 Nexc5 12.O-O-O e6 13.Nc7+ Nxc7 14.Bxc7 Rc8
15.Bd6 b5 16.b3 Nb7 17.Kb1 Nxd6 18.Rxd6 Ke7 19.Rd2 Bh6 20.f4 e5 21.Bd3 
bxc4 22.Bxc4 Bf5+ 23.Kb2 exf4 24.exf4 Bxf4 25.Re2+ Kf6 26.Nf3 Rhe8 27.Rxe8
Rxe8 28.Rf1 Kg7 29.g3 Bc7 30.Nh4 Be6 31.Bxe6 Rxe6 32.Rf2 Bb6 33.Rd2 Rf6 
34.Ng2 g5 35.b4 Rf1 36.a4 Bg1 37.a5 Bxh2 38.Ne3 Rf3 39.Rxh2 Rxe3 40.Rd2 
Rxg3 41.Rd7 a6 42.Ra7 h5 43.Rxa6 h4 44.Rc6 h3 45.Rc1 h2 46.Rh1 Rh3 47.b5 
g4 0-1

[Event "20th Reykjavik op"]
[Site "Reykjavik ISL"]
[Date "2002.03.12"]
[Round "6"]
[White "Korneev, Oleg"]
[Black "Votava, Jan"]
[Result "1/2-1/2"]
[WhiteElo "2568"]
[BlackElo "2515"]
[EventDate "2002.03.07"]
[PlyCount "78"]

1.e4 c5 2.Nf3 Nc6 3.d4 cxd4 4.Nxd4 Qc7 5.Nc3 e6 6.Be2 a6 7.O-O Nf6 8.Be3 
Be7 9.f4 d6 10.Kh1 O-O 11.Qe1 Bd7 12.Qg3 Kh8 13.Rae1 b5 14.Bf3 b4 15.Nd1 
e5 16.fxe5 Nxe5 17.Nf2 Nxf3 18.Qxf3 Rae8 19.h3 a5 20.Nd3 Bc8 21.Bf4 Qc4 
22.Nf5 Bxf5 23.exf5 Qxc2 24.Rxe7 Rxe7 25.Bxd6 Rfe8 26.Bxe7 Rxe7 27.Rc1 Qa4
28.Rc8+ Re8 29.b3 Qd7 30.Rxe8+ Qxe8 31.Qf4 h6 32.Ne5 Kh7 33.Nc4 a4 34.Qe5 
Qd7 35.Nd6 axb3 36.axb3 Qc7 37.Nc4 Qd7 38.Nd6 Qc7 39.Nc4 Qd7 1/2-1/2

[Event "20th Reykjavik op"]
[Site "Reykjavik ISL"]
[Date "2002.03.12"]
[Round "6"]
[White "Kristinsdottir, Aslaug"]
[Black "Ingason, Sigurdur"]
[Result "1/2-1/2"]
[WhiteElo "2007"]
[BlackElo "2059"]
[EventDate "2002.03.07"]
[PlyCount "77"]

1.e4 e6 2.d4 d5 3.Nd2 dxe4 4.Nxe4 Bd7 5.Nf3 Bc6 6.Qd3 Nd7 7.Be2 Ngf6 8.
Nxf6+ Nxf6 9.O-O Bxf3 10.Qxf3 c6 11.c3 Qd5 12.Re1 Qxf3 13.Bxf3 Be7 14.Bf4 
O-O 15.Be5 Rac8 16.Rad1 Rfd8 17.h3 Ne8 18.Bf4 h6 19.Bg4 Bd6 20.Be3 Nc7 21.
Bf3 Nd5 22.Kf1 b5 23.Bxd5 cxd5 24.Bd2 a5 25.a3 b4 26.axb4 axb4 27.cxb4 Rc4
28.Bc3 Rdc8 29.b5 Rb8 30.Rd3 Rxb5 31.Ree3 Rc8 32.g3 Rcb8 33.Re2 Rb3 34.Rc2
Bb4 35.Ke2 Bxc3 36.bxc3 Rc8 37.Kd2 Rb1 38.Rc1 Rxc1 39.Kxc1 1/2-1/2

[Event "20th Reykjavik op"]
[Site "Reykjavik ISL"]
[Date "2002.03.12"]
[Round "6"]
[White "Kristjansson, Stefan"]
[Black "Gretarsson, Helgi Ass"]
[Result "1/2-1/2"]
[WhiteElo "2389"]
[BlackElo "2520"]
[EventDate "2002.03.07"]
[PlyCount "41"]

1.e4 e5 2.Nf3 Nc6 3.d4 exd4 4.Nxd4 Nf6 5.Nxc6 bxc6 6.e5 Qe7 7.Qe2 Nd5 8.c4
Nb6 9.Nd2 a5 10.g3 Qe6 11.b3 Bb4 12.Bb2 a4 13.Bg2 O-O 14.O-O d5 15.f4 Qg6 
16.Nf3 Qh5 17.Rfc1 axb3 18.axb3 Rxa1 19.Bxa1 dxc4 20.bxc4 c5 21.Qe4 
1/2-1/2

[Event "20th Reykjavik op"]
[Site "Reykjavik ISL"]
[Date "2002.03.12"]
[Round "6"]
[White "Paasikangas, Johanna"]
[Black "Hillarp Persson, Tiger"]
[Result "0-1"]
[WhiteElo "2300"]
[BlackElo "2456"]
[EventDate "2002.03.07"]
[PlyCount "102"]

1.d4 g6 2.Nf3 Bg7 3.Bg5 h6 4.Bh4 d6 5.Nbd2 f5 6.e3 Nc6 7.c3 g5 8.Bg3 e5 9.
h3 Qe7 10.dxe5 dxe5 11.Qb3 Nf6 12.O-O-O a6 13.Nc4 Ne4 14.Qa3 Qxa3 15.Nxa3 
Ke7 16.Nd2 Nxg3 17.fxg3 e4 18.g4 fxg4 19.Nxe4 gxh3 20.gxh3 Rf8 21.Nc2 Ne5 
22.Bg2 Rb8 23.Nd4 b6 24.b4 Bd7 25.Rhf1 Rxf1 26.Rxf1 Rf8 27.Kd2 Ng6 28.Rxf8
Bxf8 29.Bf1 Ne5 30.c4 a5 31.bxa5 bxa5 32.c5 Kf7 33.Kc3 Kg6 34.Kb3 Be7 35.
a4 h5 36.Bg2 h4 37.Kc3 Bxa4 38.Ne6 Bc6 39.Kd4 Nd7 40.Nxc7 Nxc5 41.Nd5 Nb3+
42.Ke5 Bf8 43.Nd6 Bg7+ 44.Ke6 Nc5+ 45.Ke7 Bf6+ 46.Kf8 a4 47.Nc4 Bb5 48.Nd6
a3 49.Nb4 Bd7 50.Ne4 Nxe4 51.Bxe4+ Bf5 0-1

[Event "20th Reykjavik op"]
[Site "Reykjavik ISL"]
[Date "2002.03.12"]
[Round "6"]
[White "Ptacnikova, Lenka"]
[Black "Sigfusson, Sigurdur"]
[Result "1-0"]
[WhiteElo "2239"]
[BlackElo "2351"]
[EventDate "2002.03.07"]
[PlyCount "159"]

1.c4 Nf6 2.g3 e5 3.Bg2 Nc6 4.Nc3 d6 5.d3 Be7 6.e4 Nd4 7.Nge2 Bg4 8.h3 Bd7 
9.Nxd4 exd4 10.Ne2 c5 11.O-O O-O 12.f4 Ne8 13.f5 b5 14.b3 bxc4 15.bxc4 Rb8
16.Nf4 Bf6 17.Nh5 Be5 18.g4 g6 19.Nf4 g5 20.Nd5 f6 21.Bd2 Bc6 22.Qc2 Bxd5 
23.exd5 Rf7 24.Rab1 Rfb7 25.Rxb7 Rxb7 26.Rb1 Rxb1+ 27.Qxb1 Qb6 28.Qc2 Kf8 
29.Bf3 Nc7 30.Bd1 Na6 31.a3 Nb8 32.Qa2 Nd7 33.Ba4 Ke7 34.Kg2 Qb8 35.Qc2 
Nb6 36.Bc6 Qc8 37.a4 h5 38.Qd1 h4 39.Qb3 Bg3 40.Qb5 Nd7 41.Bxd7 Qxd7 42.a5
Qxb5 43.cxb5 Kd7 44.a6 Kc8 45.Kf3 Bh2 46.Ke2 Bg3 47.Kd1 Be5 48.Kc2 Kb8 49.
Kb3 Bg3 50.Kc4 Be5 51.Ba5 Kc8 52.Bd8 Kb8 53.b6 axb6 54.Bxb6 Ka8 55.Bxc5 
dxc5 56.Kxc5 Bc7 57.d6 Ba5 58.Kxd4 Ka7 59.Kd5 Kxa6 60.Ke6 Kb7 61.Kxf6 Kc6 
62.Ke7 Bb4 63.f6 Kd5 64.f7 Bxd6+ 65.Ke8 Kd4 66.f8=Q Bxf8 67.Kxf8 Kxd3 68.
Kf7 Ke4 69.Ke6 Kf4 70.Kf6 Kg3 71.Kxg5 Kxh3 72.Kf4 Kg2 73.g5 h3 74.g6 h2 
75.g7 h1=Q 76.g8=Q+ Kf1 77.Qc4+ Kf2 78.Qc2+ Kf1 79.Qd1+ Kg2 80.Qe2+ 1-0

[Event "20th Reykjavik op"]
[Site "Reykjavik ISL"]
[Date "2002.03.12"]
[Round "6"]
[White "Schubert, Hans-Joachim"]
[Black "Johannesson, Ingvar Thor"]
[Result "0-1"]
[WhiteElo "2005"]
[BlackElo "2267"]
[EventDate "2002.03.07"]
[PlyCount "82"]

1.e4 d5 2.exd5 Qxd5 3.Nc3 Qa5 4.d4 Nf6 5.Bc4 Bf5 6.Ne2 c6 7.Ng3 Bg6 8.O-O 
h5 9.h4 Nbd7 10.Bd3 Bxd3 11.Qxd3 e6 12.Bg5 Be7 13.a3 Qc7 14.b4 Nb6 15.b5 
cxb5 16.Nxb5 Qc6 17.Rfe1 a6 18.Nc3 Rc8 19.Nce4 Nxe4 20.Nxe4 Bxg5 21.Nxg5 
Rh6 22.Rac1 Kf8 23.Qf3 Qxf3 24.Nxf3 Nc4 25.Rb1 Rc7 26.a4 Rf6 27.Rb3 Nd6 
28.Re2 Rf5 29.c3 Ra5 30.Re5 Rxa4 31.Rxh5 Rac4 32.Rb6 R7c6 33.Rxc6 Rxc6 34.
d5 Rxc3 35.dxe6 fxe6 36.Re5 Rc1+ 37.Kh2 Ke7 38.Ng5 Ne8 39.Rxe6+ Kd7 40.Rb6
Nd6 41.Rb4 Rc4 0-1

[Event "20th Reykjavik op"]
[Site "Reykjavik ISL"]
[Date "2002.03.12"]
[Round "6"]
[White "Stefanova, Antoaneta"]
[Black "Bjornsson, Sigurbjorn"]
[Result "1-0"]
[WhiteElo "2451"]
[BlackElo "2312"]
[EventDate "2002.03.07"]
[PlyCount "101"]

1.d4 Nf6 2.Nf3 e6 3.g3 d5 4.Bg2 Be7 5.O-O O-O 6.c4 dxc4 7.Qc2 a6 8.Qxc4 b5
9.Qc2 Bb7 10.Bd2 Nc6 11.Be3 Ng4 12.a3 Nxe3 13.fxe3 a5 14.Nc3 b4 15.Na4 Qd5
16.Rfc1 Ra6 17.Nc5 Bxc5 18.Qxc5 Qb3 19.Kf2 e5 20.Nd2 Qe6 21.d5 Qf5+ 22.Kg1
Nd8 23.Qxc7 Rh6 24.e4 Qg5 25.Nf1 Ba6 26.Bf3 bxa3 27.bxa3 f5 28.Qxe5 Nf7 
29.Qxf5 Qe7 30.Qf4 Ne5 31.Qe3 Rhf6 32.Nd2 Bc8 33.Qc5 Qe8 34.d6 Bd7 35.Qd5+
Kh8 36.Rc7 Bc6 37.Qc5 Bd7 38.Rc1 Qe6 39.Qd5 Qxd6 40.Qxd6 Rxd6 41.Nc4 Nxc4 
42.R1xc4 g5 43.e5 Rd2 44.g4 Re8 45.R4c5 h5 46.gxh5 g4 47.Bd5 Bf5 48.Bc4 
Rf8 49.Kg2 Rd4 50.e6 Rf4 51.e7 1-0

[Event "20th Reykjavik op"]
[Site "Reykjavik ISL"]
[Date "2002.03.12"]
[Round "6"]
[White "Thorarinsson, Pall"]
[Black "Ragnarsson, Johann"]
[Result "1-0"]
[WhiteElo "2217"]
[BlackElo "2118"]
[EventDate "2002.03.07"]
[PlyCount "117"]

1.g3 d5 2.Bg2 c5 3.Nf3 Nc6 4.O-O Nf6 5.d3 Bf5 6.Nbd2 h6 7.c3 e6 8.a3 Be7 
9.b4 a6 10.bxc5 Bxc5 11.c4 O-O 12.cxd5 exd5 13.Nb3 Ba7 14.d4 Qc8 15.Bf4 
Bh3 16.Rc1 Bxg2 17.Kxg2 Qe6 18.h4 Nh5 19.e3 Qe7 20.Nc5 Na5 21.Nd3 Nc4 22.
a4 f6 23.Nd2 Nxd2 24.Qxd2 g5 25.hxg5 hxg5 26.Bc7 Rfe8 27.Qe2 Qe4+ 28.Qf3 
Qxd3 29.Qxh5 Qe4+ 30.Qf3 Rac8 31.g4 Re7 32.Bd6 Qxf3+ 33.Kxf3 Rxc1 34.Rxc1 
Rd7 35.Rc8+ Kf7 36.Bb4 Bb6 37.Rf8+ Kg7 38.Rc8 Kf7 39.Ke2 Bd8 40.Kd3 Ke6 
41.f3 Bb6 42.a5 Bd8 43.e4 Bc7 44.Rh8 Bd6 45.Bxd6 Kxd6 46.Rh6 Kc6 47.Rxf6+ 
Kb5 48.Rf5 Kxa5 49.Rxg5 b5 50.Rxd5 Rf7 51.Rf5 Rc7 52.d5 Ka4 53.d6 Rd7 54.
e5 b4 55.Rf8 a5 56.Kc4 Ka3 57.Rb8 Rf7 58.e6 Rf4+ 59.Kd5 1-0

[Event "20th Reykjavik op"]
[Site "Reykjavik ISL"]
[Date "2002.03.12"]
[Round "6"]
[White "Thorfinnsson, Bragi"]
[Black "Stefansson, Hannes Hlifar"]
[Result "0-1"]
[WhiteElo "2360"]
[BlackElo "2604"]
[EventDate "2002.03.07"]
[PlyCount "132"]

1.d4 d5 2.Nf3 Nf6 3.c4 c6 4.e3 g6 5.Bd3 Bg7 6.Nbd2 O-O 7.O-O dxc4 8.Bxc4 
Ne8 9.Qc2 Nd7 10.Rd1 Qc7 11.b3 Nb6 12.Bb2 Nxc4 13.Nxc4 Nd6 14.e4 Bg4 15.
Ncd2 Rfd8 16.h3 Bxf3 17.Nxf3 e6 18.Ne5 Nb5 19.Qc5 Qd6 20.Nc4 Qxc5 21.dxc5 
Bxb2 22.Nxb2 Nc3 23.Re1 Rd2 24.Nc4 Rxa2 25.Rxa2 Nxa2 26.Ra1 Nc3 27.Nd6 a6 
28.Nxb7 Nxe4 29.Ra4 Nc3 30.Rc4 Nd5 31.Na5 Rb8 32.Nxc6 Rxb3 33.Ra4 Rc3 34.
Rxa6 Rxc5 35.Nd4 Nf4 36.h4 e5 37.Rc6 Ra5 38.Nc2 Rb5 39.Ne3 Nd3 40.g3 Rb1+ 
41.Nf1 e4 42.Rc2 Kg7 43.Re2 f5 44.Ra2 Kh6 45.Kg2 Kh5 46.Nd2 Rc1 47.Nb3 Rd1
48.Nd2 h6 49.Nf1 Ne1+ 50.Kh3 Nf3 51.Kg2 Ne1+ 52.Kh3 Nd3 53.Kg2 Rc1 54.Ne3 
g5 55.hxg5 hxg5 56.g4+ fxg4 57.Ra8 Ne5 58.Re8 Nf3 59.Nf1 Nh4+ 60.Kg1 Nf3+ 
61.Kg2 Nh4+ 62.Kg1 g3 63.fxg3 Nf5 64.g4+ Kxg4 65.Rxe4+ Kh3 66.Re2 Rxf1+ 
0-1

[Event "20th Reykjavik op"]
[Site "Reykjavik ISL"]
[Date "2002.03.12"]
[Round "6"]
[White "Thorhallsson, Throestur"]
[Black "Hardarson, Robert"]
[Result "1-0"]
[WhiteElo "2434"]
[BlackElo "2298"]
[EventDate "2002.03.07"]
[PlyCount "63"]

1.d4 Nf6 2.Nc3 d5 3.Bg5 c6 4.e3 Bf5 5.Bd3 Bxd3 6.Qxd3 Nbd7 7.f4 e6 8.a3 
Be7 9.Nf3 O-O 10.O-O c5 11.Ne5 Nxe5 12.dxe5 Nd7 13.Bxe7 Qxe7 14.Rad1 a6 
15.e4 d4 16.Ne2 f6 17.exf6 Nxf6 18.c3 e5 19.fxe5 Qxe5 20.Rf5 Qe7 21.cxd4 
cxd4 22.Qc4+ Kh8 23.Rxd4 Rac8 24.Qb4 Qe6 25.h3 Rfe8 26.Ng3 h5 27.e5 Nd5 
28.Rxh5+ Kg8 29.Qd2 Qb6 30.Kh2 Rc2 31.Qxc2 Qxd4 32.Qh7+ 1-0

[Event "20th Reykjavik op"]
[Site "Reykjavik ISL"]
[Date "2002.03.12"]
[Round "6"]
[White "Westerinen, Heikki"]
[Black "Bergsson, Snorri"]
[Result "1-0"]
[WhiteElo "2412"]
[BlackElo "2275"]
[EventDate "2002.03.07"]
[PlyCount "91"]

1.e4 e6 2.d4 d5 3.Nc3 Bb4 4.Ne2 Nf6 5.e5 Ne4 6.a3 Nxc3 7.Nxc3 Bxc3+ 8.bxc3
O-O 9.Bd3 f5 10.exf6 Qxf6 11.O-O Nc6 12.Qh5 g6 13.Qg5 e5 14.Qxf6 Rxf6 15.
Bg5 Rf7 16.Rfe1 e4 17.Bf1 Bf5 18.Rab1 b6 19.Rb5 Rd7 20.c4 Nxd4 21.Rxd5 c5 
22.Rxd7 Bxd7 23.Rxe4 Re8 24.Rxe8+ Bxe8 25.Bd3 Bd7 26.Bf4 Bf5 27.Bb8 Nc6 
28.Bc7 Kf7 29.f3 Ke7 30.Kf2 Kd7 31.Bf4 Nd4 32.g4 Be6 33.h4 Nc6 34.h5 Bf7 
35.hxg6 hxg6 36.Kg3 Ke7 37.Bg5+ Kd6 38.Bd2 Nd4 39.f4 a6 40.Bc3 Nc6 41.Kh4 
Nd8 42.Kg5 b5 43.Be5+ Ke7 44.Bf6+ Kd7 45.Bxd8 Kxd8 46.cxb5 1-0

[Event "20th Reykjavik op"]
[Site "Reykjavik ISL"]
[Date "2002.03.13"]
[Round "7"]
[White "Berg, Emanuel"]
[Black "Votava, Jan"]
[Result "1-0"]
[WhiteElo "2500"]
[BlackElo "2515"]
[EventDate "2002.03.07"]
[PlyCount "101"]

1.e4 c5 2.Nf3 e6 3.d4 cxd4 4.Nxd4 a6 5.Bd3 Bc5 6.Nb3 Ba7 7.Qe2 Nc6 8.Be3 
Nge7 9.Nc3 d6 10.O-O b5 11.a4 b4 12.Nb1 O-O 13.N1d2 e5 14.Nc4 Ng6 15.Rfd1 
Be6 16.g3 a5 17.Rd2 Qc7 18.Bxa7 Rxa7 19.Qe3 Nge7 20.Rad1 Nc8 21.Bf1 Rd8 
22.f4 f6 23.f5 Bf7 24.g4 h6 25.h4 N6e7 26.Nc5 d5 27.exd5 Nxd5 28.g5 hxg5 
29.hxg5 Nxe3 30.Rxd8+ Kh7 31.g6+ Bxg6 32.fxg6+ Kxg6 33.Ne6 Nxf1 34.Nxc7 
Rxc7 35.b3 Ng3 36.R1d7 Rc6 37.Nxa5 Rxc2 38.Nc4 Ne2+ 39.Kf1 Nd4 40.Rxc8 Ra2
41.Rxd4 exd4 42.Rd8 f5 43.Rxd4 Kg5 44.Ne3 f4 45.Nd5 f3 46.Rxb4 Rd2 47.Ne3 
Re2 48.Re4 Kh5 49.a5 Rb2 50.a6 Rxb3 51.Ra4 1-0

[Event "20th Reykjavik op"]
[Site "Reykjavik ISL"]
[Date "2002.03.13"]
[Round "7"]
[White "Bergsson, Snorri"]
[Black "Lie, Kjetil"]
[Result "1-0"]
[WhiteElo "2275"]
[BlackElo "2388"]
[EventDate "2002.03.07"]
[PlyCount "115"]

1.d4 Nf6 2.c4 c5 3.d5 e6 4.Nc3 exd5 5.cxd5 d6 6.e4 g6 7.Bd3 Bg7 8.h3 O-O 
9.Nf3 Nbd7 10.O-O Nh5 11.Bg5 Qb6 12.Rb1 Ne5 13.g4 c4 14.Nxe5 Bxe5 15.Bxc4 
Qc7 16.Qd3 Nf4 17.Bxf4 Bxf4 18.Ne2 Bh6 19.f4 Bd7 20.Qb3 f5 21.exf5 gxf5 
22.g5 Bg7 23.Kg2 Rae8 24.Ng1 Qc5 25.Be2 Re3 26.Qxb7 Be8 27.Bf3 Qd4 28.Kg3 
Rf7 29.Qb8 h6 30.Rbd1 Qe4 31.h4 hxg5 32.hxg5 Bf8 33.a3 Rh7 34.Qb4 Bh5 35.
Rd4 Bxf3 36.Rxe4 Bxe4+ 37.Nf3 Rc7 38.Qb8 Re7 39.Qc8 Rb3 40.Qc4 Reb7 41.Qc8
Re7 42.Qc6 Rd3 43.Qxd6 Bxd5 44.Qg6+ Bg7 45.Qxf5 Ree3 46.Kh4 Bxf3 47.Rc1 
Rd8 48.Rc7 Rf8 49.Rc8 Ree8 50.Rxe8 Rxe8 51.Qb5 Rd8 52.f5 Bd4 53.Qc4+ Kf8 
54.Kg3 Ba8 55.Qc7 Bb6 56.Qc3 Re8 57.Kh4 Bf2+ 58.Kh5 1-0

[Event "20th Reykjavik op"]
[Site "Reykjavik ISL"]
[Date "2002.03.13"]
[Round "7"]
[White "Bjornsson, Sigurbjorn"]
[Black "Kjartansson, David"]
[Result "1-0"]
[WhiteElo "2312"]
[BlackElo "2235"]
[EventDate "2002.03.07"]
[PlyCount "78"]

1.e4 e6 2.d4 d5 3.Nc3 Bb4 4.e5 Ne7 5.a3 Bxc3+ 6.bxc3 c5 7.Nf3 b6 8.Bb5+ 
Bd7 9.Bd3 Ba4 10.O-O h6 11.Ne1 c4 12.Be2 Kd7 13.f4 Qg8 14.Rf2 Qh7 15.g3 
Na6 16.Bg4 Nc7 17.Rb1 Rag8 18.Qf3 Kd8 19.Bh3 Bd7 20.Ng2 g6 21.Ne3 h5 22.
Bd2 Nf5 23.Ng2 Qg7 24.Qd1 Qf8 25.Ne1 h4 26.g4 Ng3 27.Bg2 Ne4 28.Bxe4 dxe4 
29.Qe2 Qxa3 30.Qxc4 Nd5 31.Rb3 Qa1 32.Qe2 e3 33.Bxe3 Nxc3 34.Qf1 Ke7 35.
Bd2 Ne4 36.Bb4+ Kd8 37.Nf3 Qa4 38.Ng5 Nxg5 39.fxg5 h3 1-0

[Event "20th Reykjavik op"]
[Site "Reykjavik ISL"]
[Date "2002.03.13"]
[Round "7"]
[White "Danielsen, Henrik"]
[Black "Westerinen, Heikki"]
[Result "1-0"]
[WhiteElo "2520"]
[BlackElo "2412"]
[EventDate "2002.03.07"]
[PlyCount "75"]

1.f4 c5 2.g3 g6 3.Bg2 Bg7 4.d3 Nc6 5.Nh3 d5 6.c3 Nf6 7.O-O O-O 8.Na3 Rb8 
9.Nf2 Ng4 10.Nxg4 Bxg4 11.h3 Be6 12.e4 dxe4 13.dxe4 Qxd1 14.Rxd1 Na5 15.
Nb5 Rfd8 16.Be3 b6 17.f5 gxf5 18.Bf4 Rxd1+ 19.Rxd1 Rf8 20.exf5 Bxf5 21.
Nxa7 Nc4 22.Bc1 Ne5 23.Bg5 Bxh3 24.Bxe7 Re8 25.Bxh3 Rxe7 26.Rd8+ Bf8 27.
Nc8 Rc7 28.a4 Kg7 29.Nxb6 c4 30.a5 Bc5+ 31.Kh2 Nc6 32.Rd7 Rxd7 33.Nxd7 Be3
34.a6 f6 35.Be6 Bc1 36.Nb6 Bxb2 37.Nc8 Bxc3 38.Bd5 1-0

[Event "20th Reykjavik op"]
[Site "Reykjavik ISL"]
[Date "2002.03.13"]
[Round "7"]
[White "Edvardsson, Kristjan"]
[Black "Arnarsson, Hrannar"]
[Result "0-1"]
[WhiteElo "2239"]
[BlackElo "2035"]
[EventDate "2002.03.07"]
[PlyCount "62"]

1.d4 g6 2.c4 Bg7 3.Nc3 d6 4.Nf3 Nd7 5.e4 Ngf6 6.Be2 O-O 7.O-O c5 8.d5 a6 
9.a4 Rb8 10.h3 Ne5 11.Ne1 Ne8 12.f4 Nd7 13.Nf3 h6 14.Bd3 e6 15.dxe6 fxe6 
16.Qe1 e5 17.Qg3 exf4 18.Bxf4 Ne5 19.Nxe5 dxe5 20.Bd2 Nf6 21.Nd5 Kh7 22.
Qxe5 Nd7 23.Qd6 Bxb2 24.e5 Nxe5 25.Qxf8 Qxf8 26.Rxf8 Bxa1 27.Be2 Kg7 28.
Re8 Nc6 29.Bf4 Kf7 30.Bxb8 Kxe8 31.g4 Nxb8 0-1

[Event "20th Reykjavik op"]
[Site "Reykjavik ISL"]
[Date "2002.03.13"]
[Round "7"]
[White "Gretarsdottir, Lilja"]
[Black "Kristinsdottir, Aslaug"]
[Result "1-0"]
[WhiteElo "2056"]
[BlackElo "2007"]
[EventDate "2002.03.07"]
[PlyCount "81"]

1.e4 c6 2.d4 d5 3.Nc3 dxe4 4.Nxe4 Bf5 5.Ng3 Bg6 6.h4 h6 7.h5 Bh7 8.Nf3 Nf6
9.Bd3 Bxd3 10.Qxd3 e6 11.Bd2 Qb6 12.c4 Qa6 13.O-O c5 14.Rfe1 cxd4 15.Nxd4 
Be7 16.Nb5 Qc6 17.Bf4 Na6 18.Nf5 Rd8 19.Nbd6+ Bxd6 20.Nxd6+ Kf8 21.Qa3 Kg8
22.b4 Nxh5 23.Bh2 Rd7 24.c5 b5 25.Qh3 Nf6 26.a3 Nc7 27.Rad1 a6 28.Be5 Ncd5
29.Qg3 Kf8 30.Rd4 h5 31.Red1 Rh7 32.Qf3 Rh6 33.Bxf6 Rxf6 34.Qxh5 Rh6 35.
Qf3 Rf6 36.Qe4 Rh6 37.Rxd5 Rxd6 38.cxd6 exd5 39.Qe7+ Kg8 40.d7 Qd6 41.
d8=Q+ 1-0

[Event "20th Reykjavik op"]
[Site "Reykjavik ISL"]
[Date "2002.03.13"]
[Round "7"]
[White "Gunnarsson, Arnar"]
[Black "Kiss, Pal"]
[Result "1/2-1/2"]
[WhiteElo "2322"]
[BlackElo "2390"]
[EventDate "2002.03.07"]
[PlyCount "36"]

1.e4 c6 2.c4 d5 3.exd5 cxd5 4.cxd5 Nf6 5.Nc3 Nxd5 6.d4 e6 7.Nf3 Bb4 8.Qb3 
Qb6 9.Bd2 Nc6 10.Rd1 O-O 11.Bd3 g6 12.O-O Be7 13.Bc4 Qxb3 14.Bxb3 Rd8 15.
Rfe1 Bf6 16.Ne4 Be7 17.Nc3 Bf6 18.Ne4 Be7 1/2-1/2

[Event "20th Reykjavik op"]
[Site "Reykjavik ISL"]
[Date "2002.03.13"]
[Round "7"]
[White "Hagesaether, Ellen"]
[Black "Jonasson, Benedikt"]
[Result "1-0"]
[WhiteElo "2102"]
[BlackElo "2267"]
[EventDate "2002.03.07"]
[PlyCount "105"]

1.e4 c5 2.d3 Nc6 3.Nf3 e6 4.g3 Nf6 5.Bg2 d5 6.Nbd2 Bd6 7.O-O b6 8.Re1 Bc7 
9.Qe2 Bb7 10.Nf1 h6 11.h4 Qe7 12.c3 O-O-O 13.e5 Nd7 14.d4 Kb8 15.a3 Rde8 
16.b4 cxd4 17.cxd4 Rhg8 18.b5 Na5 19.Bd2 f6 20.Bb4 Qf7 21.Rac1 Nc4 22.N3d2
a5 23.bxa6 Bxa6 24.Nxc4 dxc4 25.Qe4 Ka7 26.Rxc4 Bxe5 27.dxe5 Nxe5 28.Rc3 
Rd8 29.Rec1 Rd7 30.Qc2 Kb8 31.Rd1 Rgd8 32.Rxd7 Qxd7 33.Ne3 g5 34.f4 gxf4 
35.gxf4 Nd3 36.Rc6 Qd4 37.Rxe6 Nxf4 38.Re4 Ne2+ 39.Kf2 Qd3 40.Qxd3 Bxd3 
41.Re6 Rd4 42.Rxb6+ Kc8 43.Rd6 Rf4+ 44.Ke1 Bb5 45.Rd5 Ba6 46.Ba5 Rd4 47.
Rc5+ Kd7 48.Rc7+ Ke8 49.Bc6+ Kf8 50.Bb4+ Kg8 51.Nd5 Bd3 52.Nxf6+ Kh8 53.
Bf8 1-0

[Event "20th Reykjavik op"]
[Site "Reykjavik ISL"]
[Date "2002.03.13"]
[Round "7"]
[White "Hardarson, Robert"]
[Black "Thorarinsson, Pall"]
[Result "1-0"]
[WhiteElo "2298"]
[BlackElo "2217"]
[EventDate "2002.03.07"]
[PlyCount "47"]

1.e4 d6 2.d4 Nf6 3.Nc3 g6 4.Be3 c6 5.a4 Nbd7 6.f3 Bg7 7.Nh3 O-O 8.Be2 e5 
9.dxe5 Nxe5 10.Nf2 d5 11.f4 Nc4 12.Bxc4 dxc4 13.Qf3 Qa5 14.O-O Be6 15.g4 
h5 16.h3 Rae8 17.f5 gxf5 18.gxf5 Bc8 19.Kh1 Qe5 20.Bf4 Qe7 21.Rg1 Kh8 22.
Rg5 Nh7 23.Rxh5 Bxc3 24.Rxh7+ 1-0

[Event "20th Reykjavik op"]
[Site "Reykjavik ISL"]
[Date "2002.03.13"]
[Round "7"]
[White "Holmsten, Aleksei"]
[Black "Olafsson, Helgi"]
[Result "1/2-1/2"]
[WhiteElo "2420"]
[BlackElo "2474"]
[EventDate "2002.03.07"]
[PlyCount "41"]

1.e4 c5 2.Nf3 d6 3.d4 cxd4 4.Nxd4 Nf6 5.Nc3 a6 6.f4 e6 7.Be2 Be7 8.O-O O-O
9.Be3 Qc7 10.Bf3 Nc6 11.Kh1 Nxd4 12.Qxd4 e5 13.Qd2 b5 14.a3 Bb7 15.Rad1 
Rac8 16.Qf2 Rfe8 17.f5 Qc4 18.Be2 Qc7 19.Bf3 Qc4 20.Be2 Qc7 21.Bf3 1/2-1/2